000 00547cam a22002291 4500
001 sa 66000229
003 DLC
005 20260227112213.0
008 941014s1963 ii 000 0 orio
010 _asa 66000229
025 _aPL480:I-O-470
035 _a(OCoLC)31284396
040 _aDLC
_cCU
_dCU
_dDLC
042 _apremarc
050 0 0 _aPK2579.M5984
_bB57
100 1 _aMohanty, Surendra Nath,
_d1939-
245 1 0 _aBiśṛṅkhaḷa.
260 _c[1963]
300 _a107 p.
_c19 cm.
500 _aIn Oriya.
500 _aA novel.
999 _c67136
_d67136